00661nam a2200229 a 4500001001300000003000900013005001700022008004100039020002200080082002200102100001800124245002600142260003800168300000800206500003500214650001100249700001800260902000800278942000700286952012100293999001700414nice12345678IN_TiNIC20260116014756.0090727s2007 newa grp 000 0 eng  a9788189524210c4000a306.0899145bAMB1 aAmbedkar, B R aAnnihilation of Caste aNew Delhi bCritical Quest c2007 a64p aincludes index and biblioraphy aDalits1 aAmbedkar, B R bSRS cBK 001040708StackRoom-aHMIbHMId2010-10-20g40.00l0o306.0899145 AMB1p022823r2010-10-20v40.00w2009-07-27yBK c16899d16899